ਬੇਈਮਾਨ ਦਾ ਭਾਸ਼ਨ / (Record no. 110534)

MARC details
000 -LEADER
fixed length control field 01101nam a22002537a 4500
005 - DATE AND TIME OF LATEST TRANSACTION
control field 20170123164154.0
010 ## - LIBRARY OF CONGRESS CONTROL NUMBER
LC control number B-047266
020 ## - INTERNATIONAL STANDARD BOOK NUMBER
International Standard Book Number 8171162959
Terms of availability 100.00
035 ## - SYSTEM CONTROL NUMBER
System control number B-047266
037 ## - SOURCE OF ACQUISITION
Stock number Cen Lib / Ret
040 ## - CATALOGING SOURCE
Original cataloging agency DPL
Language of cataloging PN
082 ## - DEWEY DECIMAL CLASSIFICATION NUMBER
Classification number 857
Item number ਗਰਗ
100 ## - MAIN ENTRY--PERSONAL NAME
Personal name ਗਰਗ, ਕੇ. ਐਲ.
9 (RLIN) 42260
245 ## - TITLE STATEMENT
Title ਬੇਈਮਾਨ ਦਾ ਭਾਸ਼ਨ /
Statement of responsibility, etc ਕੇ. ਐਲ. ਗਰਗ
Remainder of title ਸੰਨ 2000 ਦਾ ਚੇਣਵਾਂ ਪੰਜਾਬੀ ਹਾਮ-ਵਿਅੇਗ /
246 ## - VARYING FORM OF TITLE
Title proper/short title Beimaan da bhashan : selected punjabi & satire 2000 /
Remainder of title by K. L. Garg
260 ## - PUBLICATION, DISTRIBUTION, ETC. (IMPRINT)
Place of publication, distribution, etc ਦਿੱਲੀ
Name of publisher, distributor, etc ਨੈਸ਼ਨਲ਼ ਬੂਕ ਸ਼ਾਪ
Date of publication, distribution, etc 2000
270 ## - ADDRESS
Address ਪ੍ਲੇਆਸੁਰ ਗਾਰਡਨ ਮਾਰਕਿਟ, ਚਾਂਦਨੀ ਚੋਕ ਦਿੱਲੀ
City ਦਿੱਲੀ
Postal code ੧੧੦੦੦੬
300 ## - PHYSICAL DESCRIPTION
Extent 136p.
Dimensions 23cm(Hb)
650 ## - SUBJECT ADDED ENTRY--TOPICAL TERM
Topical term or geographic name as entry element ਪੰਜਾਬੀ ਵਿਅੰਗ
9 (RLIN) 130046
650 ## - SUBJECT ADDED ENTRY--TOPICAL TERM
Topical term or geographic name as entry element ਪੰਜਾਬੀ ਸਾਹਿਤ
9 (RLIN) 130047
650 ## - SUBJECT ADDED ENTRY--TOPICAL TERM
Topical term or geographic name as entry element Punjabi Irony
9 (RLIN) 7379
650 ## - SUBJECT ADDED ENTRY--TOPICAL TERM
Topical term or geographic name as entry element Punjabi Literature
9 (RLIN) 781
942 ## - ADDED ENTRY ELEMENTS (KOHA)
Source of classification or shelving scheme Dewey Decimal Classification
Koha item type Punjabi Bks
Classification part 857
Call number suffix ਗਰਗ
Holdings
Withdrawn status Lost status Damaged status Not for loan Home library Current library Date acquired Source of acquisition Cost, normal purchase price Total Checkouts Full call number Barcode Date last seen Copy number Cost, replacement price Price effective from Koha item type
        Central Library Central Library 04/02/2016 Cen Lib/Ret 100.00   857 ਗਰਗ B-047266 04/02/2016 1 100.00 04/02/2016 Punjabi Bks

© Delhi Public Library
Hit Counter
free hit counter